000 00558nam a2200193Ia 4500
005 20250923145916.0
008 008 250917s9999 xx 000 0 eng d
037 _aTextual
040 _aDSWL
_beng
_cDSWL
041 _aeng
_2eng
084 _qDSWL
245 0 _aImpect of command riots on women sorse-socio - economic and demographic a aspects of prperlation according to religion in India
260 _aBombay
_b The Author
_c1993
300 _a32p.
365 _aINR
_b20.00
925 _g20.00
942 _cTEXL
999 _c1457223
_d1457223